01771nam a22002894c 4500003000900000008004100009020001800050040003100068041001900099080001100118100002900129245003700158250002200195264003600217300001800253336002700271337003300298338002800331490002200359520088300381521002601264650002701290650003801317942001401355999001301369952009901382AR-BaSMT260325b2024 ag||||br|||| 00| jbspa d a9789875045194 aBSGBbespañolcBSGBerda aspahespañol a82-94 1 aBraverman, Andrea, 943610aAmia : bcontar para no olvidar. aPrimera edición 1aBuenos aires : bQuipu , c2024 a96 páginas  2rdacontentatextobtxt 2rdamediaasin mediaciónbn 2rdacarrieravolumenbnc aVerde histórica aEl lunes 18 de julio de 1994 a las 9.53 de la mañana una terrible explosión sacudió a la Ciudad Autónoma de Buenos Aires, al país y al mundo entero. Se trató del mayor atentado de la historia argentina: el ataque a la sede de la Asociación Mutual Israelita Argentina (AMIA). Este libro relata las historias paralelas de Martín, Sarita y Gregorio, que comienzan el viernes 15 de julio, 72 horas antes del atentado, y tienen su punto de encuentro en la mañana del lunes 18, en el convulsionado barrio del Once, donde los protagonistas vivirán una cuenta regresiva en la que cada minuto será vital. Se trata de historias de ficción, imaginadas por la autora, Andrea Braverman, a partir de los testimonios de muchas personas que aquel día terrible vivieron de cerca la tragedia.uhttps://www.quipu.com.ar/productos/amia-contar-para-no-olvidar/ 25/03/2026 aA partir de 12 años 7910aLITERATURA JUVENIL 7935aNOVELA HISTÓRICAzArgentina 2ddcaBOOK c599d599 00102ddc40aBSGBbBSGBcRojoedonación editoriali000687l0o82-94 BRAp000687t1yBOOKf